Encyclopedia of urban studies

Bibliographic Details
Other Authors: Hutchison, Ray (Editor)
Format: Book
Language:English
Published: Los Angeles : SAGE c2010.
Subjects:

MARC

LEADER 00000cam a2200000 7i4500
001 0000027588
005 20241119.0
008 170921 -usa eng
020 |a 9781412914321 
040 |a INS   |b eng   |e rda 
090 0 0 |a HT108.5   |b E634 2010 
245 0 0 |a Encyclopedia of urban studies   |c edited by Ray Hutchison 
264 1 |a Los Angeles :   |b SAGE   |c c2010. 
300 |a 2 volume (xxviii, 1039 pages) :   |b illustration ;   |c 29 cm. 
336 |a text  |2 rdacontent 
337 |a unmediated  |2 rdamedia 
338 |a volume  |2 rdacarrier 
500 |a "A SAGE reference publication" 
500 |a Volume 1. A-M -- Volume 2. N-Z; index 
504 |a Includes bibliographical references and index 
650 0 |a Cities and towns   |x Encyclopedias 
650 0 |a Sociology, Urban   |x Encyclopedias 
700 1 |a Hutchison, Ray ,   |e editor 
999 |a 1000003019   |b BOOK   |c Open Shelf   |e Default branch 
999 |a 1000003020   |b BOOK   |c Open Shelf   |e Default branch